Algunas consideraciones sobre el traslado de la actual Casa de Caridad : discurso leído en la sesión inaugural de la Academia Médico-Farmacéutica de Barcelona / por su vice-presidente Antonio Anet discurso leído en la sesión inaugural de la Academia Médico-Farmacéutica de Barcelona / por su vice-presidente Antonio Anet
Descripción Física:
22 p. ; 21 cm
Materias:
Casa de Caritat (Barcelona)
MARC
| LEADER | 00000nam a2200000Ia 4500 | ||
|---|---|---|---|
| 001 | 19307 | ||
| 008 | 160829s1880 xx 000 0 cat d | ||
| 080 | |a 2368, exp. 7 | ||
| 100 | |a Anet i Codina, Antonio |9 39121 | ||
| 245 | |a Algunas consideraciones sobre el traslado de la actual Casa de Caridad : |b discurso leído en la sesión inaugural de la Academia Médico-Farmacéutica de Barcelona / por su vice-presidente Antonio Anet | ||
| 260 | |a Barcelona : |b Establecimiento tipográfico de J. Miret, |c 1880 | ||
| 300 | |a 22 p. ; |c 21 cm | ||
| 650 | |a Casa de Caritat (Barcelona) | ||
| 901 | |a Arxiu | ||
| 942 | |n 1 | ||
| 952 | |0 0 |1 0 |4 0 |6 2368_EXP_7 |7 1 |9 53980 |a Arxiu |b Arxiu |d 2016-12-01 |l 0 |o 2368, exp. 7 |p 19307 |r 2016-12-01 00:00:00 |w 2016-12-01 |y ARXIU | ||
| 999 | |c 57847 |d 57847 | ||